|
|
|
|
| LEADER |
01590cas a2200229 a 4500 |
| 001 |
AALejournalIMF011515 |
| 008 |
230101c9999 xx r poo 0 0eng d |
| 020 |
|
|
|z 9781616352905
|
| 022 |
|
|
|a 0145-1707
|
| 040 |
|
|
|a BD-DhAAL
|c BD-DhAAL
|
| 110 |
2 |
|
|a International Monetary Fund.
|b External Relations Dept.
|
| 245 |
1 |
0 |
|a Finance and Development, June 1968.
|
| 264 |
|
1 |
|a Washington, D.C. :
|b International Monetary Fund,
|c 1968.
|
| 300 |
|
|
|a 1 online resource (56 pages)
|
| 490 |
1 |
|
|a Finance and Development
|
| 500 |
|
|
|a <strong>Off-Campus Access:</strong> No User ID or Password Required
|
| 500 |
|
|
|a <strong>On-Campus Access:</strong> No User ID or Password Required
|
| 506 |
|
|
|a Electronic access restricted to authorized BRAC University faculty, staff and students
|
| 520 |
3 |
|
|a This paper discusses origins of recent estimates of capital requirements for development and highlights some of the issues involved. The paper highlights that there are two possible approaches to making estimates of capital requirements for development. Both approaches are based on the idea that increased income and wealth depend fundamentally upon the application of more capital, either to increase output directly when used in combination with local resources, or indirectly when the use of such capital will lead to a more effective use of other resources.
|
| 538 |
|
|
|a Mode of access: Internet
|
| 830 |
|
0 |
|a Finance and Development; Finance and Development ;
|v No. 0005/002
|
| 856 |
4 |
0 |
|z Full text available on IMF
|u http://elibrary.imf.org/view/journals/022/0005/002/022.0005.issue-002-en.xml
|z IMF e-Library
|